Statistics for Every Europa League Goalscorer (2021/22)

Click here to take the quiz!

General Stats

  • This quiz has been taken 9 times
  • The average score is 57 of 214

Answer Stats

Answer% Correct
Christopher Nkunku
89%
Donyell Malen
89%
Frenkie de Jong
89%
Jude Bellingham
89%
Raphaël Guerreiro
89%
Alexander Isak
78%
Angeliño
78%
Ayoze Pérez
78%
Ciro Immobile
78%
Declan Rice
78%
Dries Mertens
78%
Emil Forsberg
78%
Filip Kostić
78%
James Maddison
78%
James Tavernier
78%
Lorenzo Insigne
78%
Memphis Depay
78%
Mikel Oyarzabal
78%
Pedri
78%
Pierre-Emerick Aubameyang
78%
Rafael Santos Borré
78%
André Silva
67%
Arkadiusz Milik
67%
Gerard Piqué
67%
Harvey Barnes
67%
Jarrod Bowen
67%
Jonny Evans
67%
Jordi Alba
67%
Kevin Volland
67%
Mario Götze
67%
Michail Antonio
67%
Moussa Diaby
67%
Piotr Zieliński
67%
Tomáš Souček
67%
Victor Osimhen
67%
Adnan Januzaj
56%
Andriy Yarmolenko
56%
Daniel Amartey
56%
Ferran Torres
56%
Florian Wirtz
56%
Hirving Lozano
56%
Houssem Aouar
56%
Islam Slimani
56%
Joakim Mæhle
56%
Luis Muriel
56%
Moussa Dembélé
56%
Nabil Fekir
56%
Patson Daka
56%
Saïd Benrahma
56%
Sergio Busquets
56%
Wilfred Ndidi
56%
Abel Ruiz
44%
Adama Traoré
44%
Berat Djimsiti
44%
Charles Aránguiz
44%
Daichi Kamada
44%
Dimitri Payet
44%
Elif Elmas
44%
Ivan Rakitić
44%
Jens Petter Hauge
44%
Joe Aribo
44%
Lucas Alario
44%
Lucas Ocampos
44%
Mesut Özil
44%
Quincy Promes
44%
Ruslan Malinovskyi
44%
Alfredo Morelos
33%
Anthony Martial
33%
Cengiz Ünder
33%
Craig Dawson
33%
Djibril Sow
33%
Eran Zahavi
33%
Glen Kamara
33%
Issa Diop
33%
Kiernan Dewsbury-Hall
33%
Mark Noble
33%
Martin Hinteregger
33%
Mehdi Taremi
33%
Mikel Merino
33%
Mislav Oršić
33%
Radja Nainggolan
33%
Sofiane Diop
33%
Tanguy Ndombele
33%
Willi Orbán
33%
Adam Ounas
22%
Alexander Sørloth
22%
Andrés Guardado
22%
Ansgar Knauff
22%
Borja Iglesias
22%
Cody Gakpo
22%
Cristian Tello
22%
Enner Valencia
22%
Exequiel Palacios
22%
Felipe Anderson
22%
Guido Rodríguez
22%
Ianis Hagi
22%
John Lundstram
22%
Karl Toko Ekambi
22%
Lucas Paquetá
22%
Matteo Politano
22%
Munir
22%
Rayan Cherki
22%
Ryan Babel
22%
Sébastien Thill
22%
Sergio Canales
22%
Tiquinho
22%
Youssouf Fofana
22%
Aleksandar Katai
11%
Amine Adli
11%
Anthony Ralston
11%
Artem Dzyuba
11%
Bruno Petković
11%
Giorgos Masouras
11%
Gonçalo Paciência
11%
Guélor Kanga
11%
Jérémie Boga
11%
Josip Juranović
11%
Josip Šutalo
11%
Jota
11%
Kemar Roofe
11%
Komnen Andrić
11%
Kyogo Furuhashi
11%
Leon Balogun
11%
Luka Ivanušec
11%
Luka Menalo
11%
Malcom
11%
Mario González
11%
Martín Zubimendi
11%
Mateus Uribe
11%
Max Meyer
11%
Mirko Ivanić
11%
Myrto Uzuni
11%
Nadiem Amiri
11%
Oleg Reabciuk
11%
Pedro
11%
Pepê
11%
Philipp Max
11%
Ricardo Horta
11%
Robin Le Normand
11%
Sam Lammers
11%
Stephen Welsh
11%
Toma Bašić
11%
Victor Moses
11%
Willian José
11%
Youssef El-Arabi
11%
Adam Hložek
0%
Aïssa Laïdouni
0%
Albian Ajeti
0%
Aleksandr Sobolev
0%
Alexandru Cicâldău
0%
Ali Musrati
0%
Almamy Touré
0%
Axel Disasi
0%
Bruma
0%
Carlos Vinícius
0%
Christoph Knasmüllner
0%
Danilo Cataldi
0%
David Carmo
0%
Dávid Hancko
0%
David Turnbull
0%
El Fardou Ben Nabouhane
0%
Erik Sviatchenko
0%
Evander
0%
Ewan Henderson
0%
Filip Mladenović
0%
François Kamano
0%
Galeno
0%
Gustav Isaksen
0%
Ibrahim Sangaré
0%
Ihor Plastun
0%
Ike Ugbo
0%
Iuri Medeiros
0%
Jakob Jantscher
0%
Jon Gorenc Stanković
0%
Jordan Larsson
0%
Joseph Paintsil
0%
Juanmi
0%
Juan Miranda
0%
Kerem Aktürkoğlu
0%
Kiril Despodov
0%
Krépin Diatta
0%
Ladislav Krejčí
0%
Liel Abada
0%
Lirim Kastrati
0%
Lukáš Haraslín
0%
Mahir Emreli
0%
Marcão Teixeira
0%
Marco Grüll
0%
Mattia Zaccagni
0%
Maximilian Hofmann
0%
Mbwana Samatta
0%
Mërgim Berisha
0%
Mert Hakan Yandaş
0%
Michel-Ange Balikwisha
0%
Mikael Uhre
0%
Mikhail Ignatov
0%
Milan Rodić
0%
Myron Boadu
0%
Nikolas Dyhr
0%
Patric
0%
Paul Onuachu
0%
Piero Hincapié
0%
Pieros Sotiriou
0%
Pieter Gerkens
0%
Robert Andrich
0%
Robert Ljubičić
0%
Ryan Mmaee
0%
Scott Wright
0%
Sofiane Feghouli
0%
Tino Anjorin
0%
Toni Martínez
0%
Vitinha
0%
Yorbe Vertessen
0%
Zelimkhan Bakayev
0%

Score Distribution

Percentile by Number Answered

Percent of People with Each Score

Your Score History

You have not taken this quiz